Atlas of Wisdom Teeth Surgery (Record no. 21722)

MARC details
000 -LEADER
fixed length control field 00366nam a22001577a 4500
003 - CONTROL NUMBER IDENTIFIER
control field SGT
020 ## - INTERNATIONAL STANDARD BOOK NUMBER
International Standard Book Number 9789811087844
082 ## - DEWEY DECIMAL CLASSIFICATION NUMBER
Classification number 617.525
Item number A19L
100 ## - MAIN ENTRY--PERSONAL NAME
Personal name Dapeng Lu
245 ## - TITLE STATEMENT
Title Atlas of Wisdom Teeth Surgery
250 ## - EDITION STATEMENT
Edition statement 1st
260 ## - PUBLICATION, DISTRIBUTION, ETC. (IMPRINT)
Place of publication, distribution, etc Singapore Travel Guides
Name of publisher, distributor, etc Springer Publisher
Year of Publication 2019
300 ## - PAGE DESCRIPTION
No. of Pages 1-380
650 ## - SUBJECT ADDED ENTRY--TOPICAL TERM
Topical term or geographic name as entry element ORAL SURGERY
942 ## - ADDED ENTRY ELEMENTS (KOHA)
Source of classification or shelving scheme Dewey Decimal Classification
Koha item type Books
Holdings
Withdrawn status Lost status Source of classification or shelving scheme Damaged status Not for loan Home library Current library Shelving location Date acquired Vendor Name Cost, normal purchase price SGTU Bill Number Total Checkouts Full call number Accession No. (Barcode) Date last seen Bill Date Koha item type
    Dewey Decimal Classification     SGT Dental Library SGT Dental Library Reference Book 28/08/2021 AHUJA BOOK COMPANY 10321.00 SGTU 13280   617.525 A19L FD8431 28/08/2021 14/08/2021 Books